000 00719nam a22002292 4500
001 0000007066
005 20151217152021.0
008 071110s xx 000 0 eng d
020 _a9966805841 :
_cKES 590
040 _aKABU
_cKABU
100 1 _aMason John L.
_@0000158107
245 1 0 _aConquering an enemy called average /
_cJohn L. Mason.
260 _aNairobi :
_bWordAlive,
_c1996.
300 _a122 p.
650 0 _aChristian life.
_@0000149167
650 0 _aDevotional literature.
_@0000158106
908 _a071110
950 _@1
999 _c7373
_d7373